000 004670000a22001690004500
003 MACL
005 20150903134707.0
008 150903b xxu||||| |||| 00| 0 eng d
040 _aMACL
_cMACL
041 _aEnglish
082 _a820/DAS
100 _aDasgupta, Amit
_98904
245 _aTelling Tales
_bChildren's Literature In India
260 _bNew Age International Pvt. Ltd. Publishers
_c1995
_aDelhi
650 _aEnglish Literature
_9927
942 _cBK
_k820
_2ddc
999 _c2540
_d2540